书目信息 |
| 题名: |
经济特区
|
|
| 作者: | 王文祥 编著 | |
| 分册: | ||
| 出版信息: | 北京 中国展望出版社 1983 |
|
| 页数: | 181页 | |
| 开本: | 19cm | |
| 丛书名: | ||
| 单 册: | ||
| 中图分类: | F127.9 | |
| 科图分类: | ||
| 主题词: | 经济特区--中国 | |
| 电子资源: | ||
| ISBN: | ||
| 000 | 00617nam0 2200241 45 | |
| 001 | 0183002751 | |
| 005 | 20040427110802.1 | |
| 010 | @dCNY0.60 | |
| 091 | @a4271.078 | |
| 100 | @a19950428d1983 em y0chiy0121 ea | |
| 101 | 0 | @achi |
| 102 | @aCN@b110000 | |
| 105 | @ay z 000yy | |
| 106 | @ar | |
| 200 | 10 | @a经济特区@Ajing ji te qu@f王文祥编著 |
| 210 | @a北京@c中国展望出版社@d1983 | |
| 215 | @a181页@d19cm | |
| 606 | @a经济特区@y中国 | |
| 690 | @aF127.9@v3 | |
| 701 | 0 | @a王文祥@Awang wen xiang@4编著 |
| 801 | 0 | @aCN@b上海图书馆@c20040427 |
| 801 | 2 | @aCN@bNLC@c20040427 |
| 905 | @f2@b219924-925@dF127.9@e16 | |
| 经济特区/王文祥编著.-北京:中国展望出版社,1983 |
| 181页;19cm |
| ISBN :CNY0.60 |
| ● |
| 相关链接 |
|
|
|
|
正题名:经济特区
索取号:F127.9/16
 
预约/预借
| 序号 | 登录号 | 条形码 | 馆藏地/架位号 | 状态 | 备注 |
| 1 | 0219924 | 000200561 | 密集书库/ [索取号:F127.9/16] | 在馆 | |
| 2 | 0219925 | 000200525 | 密集书库/ [索取号:F127.9/16] | 在馆 | |
| 3 | 0219926 | 000200605 | 第一样本阅览室/ [索取号:F127.9/16] | 在馆 |